| 000 | 01622cam a22004214i 4500 | ||
|---|---|---|---|
| 003 | PE-LiUPU | ||
| 005 | 20250731175620.0 | ||
| 008 | 150617s r 000 0 d | ||
| 020 | _a8428305889 | ||
| 035 | _a(Sirsi) i9788428305884 | ||
| 040 |
_aPE-LiUPU _bspa _cPE-LiUPU _erda |
||
| 049 | _aPRUA | ||
| 082 | 0 | 4 |
_a410.9 _bR71 _221 |
| 100 | 1 |
_aRobins, R. H., _eautor. |
|
| 245 | 1 | 0 |
_aBreve historia de la lingüística / _cR.H. Robins ; traducido por Enrique Alcaraz Varó. |
| 264 | 1 |
_aMadrid : _bParaninfo, _c1984. |
|
| 300 |
_a242 páginas ; _c22 centímetros |
||
| 336 |
_atext _2rdacontent |
||
| 337 |
_aunmediated _2rdamedia |
||
| 338 |
_avolume _2rdacarrier |
||
| 490 | 0 | _aCentro de Estudios Alicante (Universidad de Valencia) | |
| 504 | _aIncluye bibliografía. | ||
| 505 | 0 | _aIntroducción -- Grecia -- Roma -- La edad media -- El renacimiento -- En vísperas de los tiempos modernos -- La lingüística comparada e histórica del siglo XIX -- Lingüística del siglo actual. | |
| 526 | _aP145 | ||
| 526 | _aP127 | ||
| 526 | _aP97 | ||
| 526 | _aP35 | ||
| 526 | _aP14 | ||
| 526 | _aP07 | ||
| 650 | 0 | 4 |
_aLingüística _xHistoria. |
| 910 |
_ajck _bjvq _cjck _d20150616 |
||
| 942 |
_2ddc _cBOOK |
||
| 949 |
_a410.9 R71 _wDEWEY _c1 _i26062 _lCCODEBUL1 _mBUL _r0 _sY _tBOOK _u2015-6-17 _xEDUCACION _zUNKNOWN _0COMPRA _o.STAFF. Colección General |
||
| 994 |
_aC0 _bPEPRU |
||
| 596 | _a1 | ||
| 999 |
_a410.9 R71 _wDEWEY _c19157 _i26062 _f2021-11-5 _g5 _lCCODEBUL1 _mBUL _r0 _sY _tBOOK _u2015-6-17 _xBIBLIOTECA _zUNKNOWN _0COMPRA _o.STAFF. Colección General _d19157 |
||
| 980 |
_81 _gALBERTO SANCHEZ Responsable de Automatización |
||